000 00447nam a2200133Ia 4500
008 151001s9999||||xx |||||||||||||| ||und||
100 _aभा बापट
245 _aगांधी काय व विचारप्रणाली
250 _a1
260 _bमहाराष्ट्र राज्य साहित्य संस्कुती मंडळ मुंबई
260 _c1973
300 _a336
365 _b21
999 _c958598
_d958595